| 000 | 00384nam a2200157Ia 4500 | ||
|---|---|---|---|
| 008 | 230917s9999||||xx |||||||||||||| ||und|| | ||
| 020 | _cRS175 | ||
| 040 |
_e6468 _aMAIN |
||
| 041 | _aEnglish | ||
| 082 | _a320.50954 M896G | ||
| 100 | _aMukherjee, Subrata | ||
| 245 | 0 | _aGhandian thought: Marxcist interpretation | |
| 260 |
_aNew Delhi _c1991 |
||
| 300 | _axi, 204 p. | ||
| 942 | _cBK | ||
| 999 |
_c68815 _d68815 |
||